00823nam a22002417a 450000500170000001000130001702000260003003500130005603700160006904000120008508200150009710000290011224500640014126000420020527000610024730000200030850000200032865000290034865000350037794200240041299900190043695201260045520170124110213.0 aB-079262 c500.00a9788120725423 aB-079262 bCen Lib/Ret aDPLbEN a958.1bMUK aMukarji, Apratim 938475 aAfghanistan :cby Apratim Mukarjibfrom terror to freedom / aNew DelhibSterling publishers c2003 bNew DelhiaA-59, Okhla industrial area, Phase lle110020 a321p.c22cm(Hb) aIncludes index  aPolitical science938476 aPolitics and government938477 2ddccENh958.1mMUK c133628d133628 00104070aLbLd2015-07-27eCen Lib/Retg500.00l0o958.1 MUKpB-079262r2015-07-27 00:00:00t1v500.00w2015-07-27yEN